| 000 | 00445cam a2200181ua 4500 | ||
|---|---|---|---|
| 001 | 4137 | ||
| 008 | 111219n ii |||gr||||Z||||||asm | ||
| 040 | _cMAIN | ||
| 082 | _a891.4513 | ||
| 100 | _eAuthor. | ||
| 245 | 1 | 1 |
_aAsamiya galpa kaumudi _cby |
| 250 | _a1st. | ||
| 260 |
_aDibrugarh: _bAssamese deptt. Dibrugarh university. |
||
| 300 |
_a345p: _c23cm. |
||
| 653 | _aAssamese short stories | ||
| 653 | _aAsamiya galpa kaumudi | ||
| 942 | _cBK | ||
| 999 |
_c3959 _d3959 |
||